Posúdenie rekonštrukcie rybovodu MVE Prešov.

Gespeichert in:
Bibliographische Detailangaben
1. Verfasser: Ferenčík, Peter (Verfasst von)
Weitere Verfasser: Čubanová, Lea (Betreuung Doktorarbeit)
Format: Manuskript Buch
Sprache:Slowakisch
Veröffentlicht: 2018
Schlagworte:
Online-Zugang:http://is.stuba.sk/zp/portal_zp.pl?podrobnosti=139538
https://opac.crzp.sk/?fn=detailBiblioForm&sid=752BE197E3AE405D428DF879404B
Tags: Tag hinzufügen
Keine Tags, Fügen Sie das erste Tag hinzu!

MARC

LEADER 00000ntm a22000003a 4500
001 stuzp67854
003 SK-STU
005 20230616113318.5
007 ta
008 150427s2015----xo-----f-mn---000-0-slo-d
040 |a STU  |b slo 
041 0 |a slo 
100 1 |a Ferenčík, Peter  |u 010170  |4 aut  |U SvF Stavebná fakulta  |T SvF Katedra hydrotechniky  |X 54476  |U V170  |Y 17  |7 54476 
242 0 1 |a Analysis of the fish pass reconstruction on the SHPP Prešov.  |y eng 
245 1 0 |a Posúdenie rekonštrukcie rybovodu MVE Prešov. 
260 |c 2018 
650 4 |a rekonštrukcia rybovodu  |2 slo 
650 4 |a Rybovod  |2 slo 
650 4 |a posúdenie rybovodu  |2 slo 
650 4 |a fish pass  |2 eng 
650 4 |a Assessment of the fish pass  |2 eng 
650 4 |a reconstruction of the fish pass  |2 eng 
700 1 |a Čubanová, Lea  |u 010170  |k Z1  |4 ths  |U SvF Stavebná fakulta  |T SvF Katedra hydrotechniky  |X 38291  |U V170  |Y 17  |7 A000038291 
856 4 |u http://is.stuba.sk/zp/portal_zp.pl?podrobnosti=139538 
856 4 |u https://opac.crzp.sk/?fn=detailBiblioForm&sid=752BE197E3AE405D428DF879404B